Nba Top 20 All Time Best Point Guards - Statistics

General Stats
  • This quiz has been taken 65 times
  • The average score is 16 of 20
Answer Stats
Hint Team Answer % Correct
2 Warriors Stephen Curry
100%
1 Lakers Magic Johnson
98%
4 Lakers Jerry West
95%
13 Trailblazers Damian Lillard
93%
5 Pistons Isiah Thomas
93%
12 Thunder Russell Westbrook
92%
7 Jazz John Stockton
90%
3 Bucks Oscar Robertson
88%
10 Nets Jason Kidd
85%
8 Suns Steve Nash
85%
17 Spurs Tony Parker
85%
9 Celtics Bob Cousy
81%
11 Supersonics Gary Payton
81%
18 Cavaliers Kyrie Irving
80%
6 Hornets Chris Paul
78%
20 76ers Allen Iverson
71%
14 Knicks Walt Frazier
66%
19 Trailblazers Lenny Wilkens
42%
15 Royals Nate Archibald
31%
16 Hawks Pete Maravich
22%
No matching quizzes found
Score Distribution
Percent of People with Each Score
Percentile by Number Answered
Your Score History
You have not taken this quiz